|
|
|
|
| LEADER |
02007nam a2200529 i 4500 |
| 001 |
nkc20172893055 |
| 003 |
CZ PrNK |
| 005 |
20180206123107.0 |
| 007 |
ta |
| 008 |
170413s2017 xr a e c 000 0dcze |
| 020 |
|
|
|a 978-80-87605-12-7
|q (brožováno)
|
| 040 |
|
|
|a BOA001
|b cze
|e rda
|
| 043 |
|
|
|a e-xr---
|
| 045 |
|
|
|a x6y0
|
| 072 |
|
7 |
|a 72/76
|x Výtvarné umění
|2 Konspekt
|9 21
|
| 080 |
|
|
|a 72/76(437.3)
|2 MRF
|
| 080 |
|
|
|a 7.036/.038
|2 MRF
|
| 080 |
|
|
|a (437.3)
|2 MRF
|
| 080 |
|
|
|a (083.824)
|2 MRF
|
| 100 |
1 |
|
|a Ságlová, Zorka,
|d 1942-2003
|7 jn19990209743
|4 art
|
| 245 |
1 |
0 |
|a Zorka Ságlová :
|b retrospektiva : Galerie moderního umění v Hradci Králové 9. června - 24. září 2017 /
|c texty Klára Zářecká
|
| 246 |
3 |
|
|a Retrospektiva - Zorka Ságlová
|
| 250 |
|
|
|a První vydání
|
| 264 |
|
1 |
|a Hradec Králové :
|b Galerie moderního umění v Hradci Králové,
|c 2017
|
| 300 |
|
|
|a 23 stran :
|b barevné ilustrace ;
|c 30 cm
|
| 336 |
|
|
|a text
|b txt
|2 rdacontent
|
| 336 |
|
|
|a statický obraz
|b sti
|2 rdacontent
|
| 337 |
|
|
|a bez média
|b n
|2 rdamedia
|
| 338 |
|
|
|a svazek
|b nc
|2 rdacarrier
|
| 500 |
|
|
|a Životopisná data
|
| 500 |
|
|
|a 350 výtisků
|
| 600 |
1 |
7 |
|a Ságlová, Zorka,
|d 1942-2003
|7 jn19990209743
|2 czenas
|
| 648 |
|
7 |
|a 20.-21. století
|7 ch462155
|2 czenas
|
| 648 |
|
4 |
|a 1962-2001
|
| 650 |
0 |
7 |
|a české výtvarné umění
|7 ph116865
|y 20.-21. století
|2 czenas
|
| 650 |
0 |
7 |
|a moderní umění
|7 ph115340
|z Česko
|2 czenas
|
| 650 |
0 |
9 |
|a Czech art
|y 20th-21st centuries
|2 eczenas
|
| 650 |
0 |
9 |
|a modern art
|z Czechia
|2 eczenas
|
| 655 |
|
7 |
|a katalogy výstav
|7 fd132536
|2 czenas
|
| 655 |
|
9 |
|a exhibition catalogs
|2 eczenas
|
| 700 |
1 |
|
|a Zářecká, Klára,
|d 1977-
|7 mzk2009529197
|4 aut
|
| 710 |
2 |
|
|a Galerie moderního umění (Hradec Králové, Česko)
|7 kn20010709266
|4 orm
|4 isb
|
| 910 |
2 |
|
|a BOA001
|b 4-1398.675
|
| 990 |
|
|
|a BK
|
| 995 |
|
|
|a 11
|
| 991 |
|
|
|b 201712
|c NOV
|
| 996 |
6 |
|
|b 2610727327
|c 4-1398.675
|l MZK
|r Sklad / do 1 hodiny
|n 5
|p p.v.
|w 001642757
|u 000010
|a 1
|e BOA001
|j MZK50
|s P
|